| 000 | 00997nam a2200265Ia 4500 | ||
|---|---|---|---|
| 003 | GCL | ||
| 005 | 20240530102204.0 | ||
| 008 | 140319s9999 xx 000 0 ara d | ||
| 020 | _a9775091004 | ||
| 040 |
_aGCL / _cGCL |
||
| 082 | 0 | 4 |
_a932 _bق/ج ت |
| 100 | 1 | _aجريمال ، نيقولا | |
| 245 | 1 | 0 |
_aتاريخ مصر القديمة / _cجريمال ، نيقولا ؛ ترجمة ماهر جويجاتى ؛ مراجعة زكية طبوزاده |
| 250 |
_aط2 _bمصححة ومنقحة |
||
| 260 |
_aالقاهرة : _bدار الفكر للدراسات والنشر والتوزيع ، _c1993 |
||
| 300 |
_a587 ص ؛ _c24 سم |
||
| 650 | 0 | 4 | _aالحضارة الفرعونية |
| 650 | 0 | 4 | _aقدماء المصريين |
| 650 | 0 | 4 | _aالعصر الكلاسيكى |
| 650 | 0 | 4 | _aالامبراطوريات |
| 650 | 0 | 4 | _aمصر القديمة - تاريخ |
| 700 | 1 |
_aماهر جويجاتى _eمترجم |
|
| 700 | 1 |
_aزكية طبوزاده _eمراجع |
|
| 942 |
_2ddc _cBK |
||
| 999 |
_c30437 _d30437 |
||